Statistiche per Comuni della Basilicata (con mappa)

Clicka qui per fare il quiz!

Statistiche generali

  • Questo quiz è stato fatto 611 volte
  • Il punteggio medio è 38 su 131

Risposte nella Mappa

Le risposte nella mappa del quiz sottostante sono codificate secondo una scala di colori dal rosso al verde in base alla % di persone che hanno risposto correttamente.
 

Statistiche sulle risposte

Comune% Corretto
Matera
95%
Potenza
95%
Maratea
76%
Melfi
69%
Policoro
68%
Lagonegro
55%
Lauria
55%
Pisticci
50%
Venosa
45%
Rionero in Vulture
44%
Bernalda
42%
Muro Lucano
41%
Avigliano
40%
Lavello
39%
Ferrandina
38%
Picerno
38%
Tito
38%
Tricarico
38%
Viggiano
38%
Senise
37%
Acerenza
36%
Nova Siri
36%
Moliterno
35%
Rotonda
35%
Scanzano Jonico
35%
Viggianello
35%
Montescaglioso
34%
Castelmezzano
33%
Pietrapertosa
33%
Balvano
32%
Barile
32%
Bella
32%
Grassano
32%
Rapolla
32%
San Fele
32%
Tursi
32%
Genzano di Lucania
31%
Aliano
30%
Anzi
30%
Atella
30%
Brindisi Montagna
30%
Craco
30%
Irsina
30%
Latronico
30%
Pignola
30%
Rotondella
30%
Accettura
29%
Palazzo San Gervasio
29%
Pescopagano
29%
Tolve
29%
Abriola
28%
Brienza
28%
Marsico Nuovo
28%
Montalbano Jonico
28%
Ruoti
28%
Forenza
27%
Laurenzana
27%
Oppido Lucano
27%
Pietragalla
27%
Satriano di Lucania
27%
Rapone
26%
Calvello
25%
Colobraro
25%
Corleto Perticara
25%
Francavilla in Sinni
25%
Maschito
25%
Noepoli
25%
Ripacandida
25%
Stigliano
25%
Trecchina
25%
Valsinni
25%
Banzi
24%
Ginestra
24%
Grottole
24%
Montemilone
24%
Ruvo del Monte
24%
Salandra
24%
San Costantino Albanese
24%
Savoia di Lucania
24%
Vaglio Basilicata
24%
Vietri di Potenza
24%
Albano di Lucania
23%
Baragiano
23%
Castelluccio Inferiore
23%
Castelluccio Superiore
23%
Castelsaraceno
23%
Filiano
23%
Garaguso
23%
Grumento Nova
23%
Marsicovetere
23%
Rivello
23%
Cancellara
22%
Episcopia
22%
Guardia Perticara
22%
Miglionico
22%
Nemoli
22%
Pomarico
22%
Armento
21%
Fardella
21%
Gorgoglione
21%
Terranova di Pollino
21%
Trivigno
21%
Calvera
20%
Carbone
20%
Castelgrande
20%
Chiaromonte
20%
Montemurro
20%
Paterno
20%
San Giorgio Lucano
20%
San Mauro Forte
20%
San Paolo Albanese
20%
San Severino Lucano
20%
Sant'Angelo Le Fratte
20%
Sant'Arcangelo
20%
Sarconi
20%
Tramutola
20%
Gallicchio
19%
Missanello
19%
Sasso di Castalda
19%
Cersosimo
18%
Cirigliano
18%
Roccanova
18%
Spinoso
18%
Teana
18%
Calciano
17%
Campomaggiore
16%
San Chirico Nuovo
16%
San Chirico Raparo
16%
Oliveto Lucano
14%
San Martino d'Agri
14%
Castronuovo di Sant'Andrea
13%

Distribuzione punteggi

Percentile per numero di risposta

Percentuale di utenti per punteggio

I tuoi punteggi nel tempo

Non hai fatto questo quiz